000
003400000a22001570004500
005
20120302062315.0
942
_c
BOOK
100
_a
Garde,Ra.Kru.
245
_a
Raktadaabaaawar Maat
260
_a
Pune:Anant Sadashiv Vaidya,1964.
300
_a
88p.
040
_a
MAR
650
_a
Aarogya
650
_a
Raktadaab
650
_a
Upchaar
999
_c
356346
_d
356343